000
00319nam a22001337a 4500
020
_a
0767420330
082
_2
22
_a
160
100
_a
Layman, C Stephen.
245
_a
The power of logic /
250
_a
3rd
260
_b
Mc Graw Hill Higher Education ,
_c
c 2002
300
_a
ix, 592,p, ;
_b
NA
_c
24 cm.
942
_2
ddc
_c
GEN
999
_c
4104
_d
4104